00306pab a2200121 454500008004000000100002300040245005100063260000900114300001300123362001100136650001700147773002000164180718b2014 xxu||||| |||| 00| 0 eng d aChindhade, Shirish aTaking your college from anonymity to eminence c2014 ap.17-20. a28 Apr aUniversities aUniversity News